[Event "Superfinal (women)"]
[Site "Moscow"]
[Date "2020.12.10"]
[Round "6.1"]
[White "Kosteniuk, Alexandra"]
[Black "Goryachkina, Aleksandra"]
[Result "1/2-1/2"]
[BlackElo "2593"]
[WhiteElo "2471"]
[LiveChessVersion "1.4.8"]

1. e4 {[%clk 1:30:56]} e5 {[%clk 1:30:30]} 2. Bc4 {[%clk 1:31:05]} Nf6
{[%clk 1:30:02]} 3. d3 {[%clk 1:31:19]} Nc6 {[%clk 1:30:16]} 4. Nc3
{[%clk 1:31:27]} Bb4 {[%clk 1:30:03]} 5. Nge2 {[%clk 1:31:05]} d5
{[%clk 1:28:00]} 6. exd5 {[%clk 1:30:39]} Nxd5 {[%clk 1:28:12]} 7. O-O
{[%clk 1:30:41]} Be6 {[%clk 1:26:59]} 8. Bxd5 {[%clk 1:27:05]} Bxd5
{[%clk 1:27:18]} 9. f4 {[%clk 1:27:13]} f6 {[%clk 1:25:29]} 10. fxe5
{[%clk 1:19:48]} Nxe5 {[%clk 1:22:32]} 11. Nxd5 {[%clk 1:19:13]} Qxd5
{[%clk 1:22:54]} 12. c3 {[%clk 1:12:28]} Bd6 {[%clk 1:16:58]} 13. Nf4
{[%clk 1:11:32]} Qf7 {[%clk 1:16:29]} 14. d4 {[%clk 1:10:53]} O-O-O
{[%clk 1:16:01]} 15. b4 {[%clk 0:49:21]} Ng6 {[%clk 1:09:43]} 16. Qg4+
{[%clk 0:46:00]} Qd7 {[%clk 1:00:19]} 17. Qxd7+ {[%clk 0:46:14]} Rxd7
{[%clk 0:56:28]} 18. Nh5 {[%clk 0:46:31]} Re8 {[%clk 0:55:11]} 19. Bd2
{[%clk 0:43:47]} Re4 {[%clk 0:52:23]} 20. g3 {[%clk 0:41:09]} Bf8
{[%clk 0:46:01]} 21. Rae1 {[%clk 0:40:06]} Rde7 {[%clk 0:46:06]} 22. Rxe4
{[%clk 0:38:08]} Rxe4 {[%clk 0:46:35]} 23. Kf2 {[%clk 0:38:22]} Nh8
{[%clk 0:44:49]} 24. Kf3 {[%clk 0:36:04]} Re6 {[%clk 0:43:06]} 25. Nf4
{[%clk 0:30:03]} Ra6 {[%clk 0:42:17]} 26. Ra1 {[%clk 0:27:22]} b5
{[%clk 0:35:21]} 27. Ke4 {[%clk 0:23:19]} Nf7 {[%clk 0:33:46]} 28. Kd3
{[%clk 0:23:38]} Kd7 {[%clk 0:32:04]} 29. a3 {[%clk 0:23:48]} Nd6
{[%clk 0:24:42]} 30. Bc1 {[%clk 0:16:57]} c6 {[%clk 0:20:42]} 31. Ra2
{[%clk 0:17:08]} Be7 {[%clk 0:17:10]} 32. Re2 {[%clk 0:16:06]} Nc4
{[%clk 0:16:35]} 33. h4 {[%clk 0:14:51]} Ra4 {[%clk 0:14:52]} 34. Ne6
{[%clk 0:05:33]} g6 {[%clk 0:11:48]} 35. Nc5+ {[%clk 0:05:57]} Bxc5
{[%clk 0:12:13]} 36. bxc5 {[%clk 0:06:25]} h5 {[%clk 0:11:11]} 37. Rf2
{[%clk 0:04:08]} Ke6 {[%clk 0:11:40]} 38. Re2+ {[%clk 0:04:29]} Kd7
{[%clk 0:09:02]} 39. Rf2 {[%clk 0:04:10]} Ke6 {[%clk 0:08:53]} 40. Re2+
{[%clk 0:34:27]} 1/2-1/2

[Event "Superfinal (women)"]
[Site "Moscow"]
[Date "2020.12.10"]
[Round "6.2"]
[White "Girya, Olga"]
[Black "Grigorieva, Yulia"]
[Result "1-0"]
[BlackElo "2290"]
[WhiteElo "2464"]
[LiveChessVersion "1.4.8"]

1. d4 {[%clk 1:30:57]} Nf6 {[%clk 1:30:55]} 2. c4 {[%clk 1:31:22]} e6
{[%clk 1:31:19]} 3. Nf3 {[%clk 1:31:47]} a6 {[%clk 1:31:39]} 4. Bg5
{[%clk 1:21:28]} d5 {[%clk 1:29:23]} 5. cxd5 {[%clk 1:14:26]} exd5
{[%clk 1:29:00]} 6. e3 {[%clk 1:14:51]} Be6 {[%clk 1:21:28]} 7. Qb3
{[%clk 1:10:01]} b5 {[%clk 1:05:58]} 8. a4 {[%clk 1:09:10]} b4 {[%clk 1:04:40]}
9. Qc2 {[%clk 1:07:05]} Bd6 {[%clk 0:57:20]} 10. Nbd2 {[%clk 1:06:22]} h6
{[%clk 0:56:01]} 11. Bf4 {[%clk 1:02:59]} O-O {[%clk 0:50:34]} 12. Bd3
{[%clk 0:58:18]} Qe7 {[%clk 0:48:28]} 13. O-O {[%clk 0:57:21]} Rc8
{[%clk 0:43:45]} 14. Rac1 {[%clk 0:50:23]} Qe8 {[%clk 0:36:28]} 15. a5
{[%clk 0:48:08]} Bd7 {[%clk 0:32:50]} 16. Be5 {[%clk 0:43:36]} Bxe5
{[%clk 0:26:53]} 17. dxe5 {[%clk 0:43:20]} Ng4 {[%clk 0:27:04]} 18. e4
{[%clk 0:42:54]} d4 {[%clk 0:23:41]} 19. h3 {[%clk 0:32:01]} Nxe5
{[%clk 0:23:36]} 20. Nxe5 {[%clk 0:32:28]} Qxe5 {[%clk 0:23:58]} 21. f4
{[%clk 0:32:34]} Qe7 {[%clk 0:19:03]} 22. e5 {[%clk 0:31:54]} Bb5
{[%clk 0:17:49]} 23. Bf5 {[%clk 0:23:59]} Nd7 {[%clk 0:17:18]} 24. Rfe1
{[%clk 0:24:09]} c5 {[%clk 0:11:02]} 25. e6 {[%clk 0:19:23]} Nf8 {[%clk 0:11:29]}
26. exf7+ {[%clk 0:19:17]} Qxf7 {[%clk 0:11:58]} 27. Bxc8 {[%clk 0:19:15]} Rxc8
{[%clk 0:12:27]} 28. Qb3 {[%clk 0:14:25]} c4 {[%clk 0:06:12]} 29. Qxb4
{[%clk 0:14:53]} Qxf4 {[%clk 0:05:37]} 30. Re4 {[%clk 0:13:30]} Qg3
{[%clk 0:03:41]} 31. Nf3 {[%clk 0:13:03]} d3 {[%clk 0:02:15]} 32. Qc3
{[%clk 0:12:29]} h5 {[%clk 0:01:21]} 33. Re5 {[%clk 0:06:24]} Qf4
{[%clk 0:00:58]} 34. Rxh5 {[%clk 0:04:31]} Re8 {[%clk 0:00:55]} 35. Rg5
{[%clk 0:04:24]} Ne6 {[%clk 0:00:39]} 36. Re5 {[%clk 0:04:10]} Qf6
{[%clk 0:00:39]} 37. Rce1 {[%clk 0:03:00]} Kf7 {[%clk 0:00:39]} 38. Qd2
{[%clk 0:02:15]} Nc7 {[%clk 0:00:39]} 39. Rxe8 {[%clk 0:01:13]} Nxe8
{[%clk 0:00:46]} 40. Ne5+ {[%clk 0:31:32]} Kg8 {[%clk 0:30:53]} 41. Nxc4
{[%clk 0:25:16]} Qd4+ {[%clk 0:23:07]} 42. Ne3 {[%clk 0:25:33]} Nd6
{[%clk 0:21:30]} 43. Qc3 {[%clk 0:25:08]} Qe4 {[%clk 0:20:28]} 44. Nf1
{[%clk 0:20:02]} Qf4 {[%clk 0:14:45]} 45. Qc5 {[%clk 0:18:47]} Bc4
{[%clk 0:04:49]} 46. Qe3 {[%clk 0:18:58]} Qf6 {[%clk 0:04:31]} 47. Nd2
{[%clk 0:18:56]} Nf5 {[%clk 0:01:23]} 48. Qe8+ {[%clk 0:19:12]} Kh7
{[%clk 0:01:47]} 49. Qh5+ {[%clk 0:19:31]} Nh6 {[%clk 0:01:54]} 50. Qe5
{[%clk 0:18:50]} Bb5 {[%clk 0:01:25]} 51. Qxf6 {[%clk 0:18:51]} gxf6
{[%clk 0:01:54]} 52. Re7+ {[%clk 0:18:48]} Kg6 {[%clk 0:02:12]} 53. Rb7
{[%clk 0:18:50]} Nf7 {[%clk 0:00:55]} 54. Rxb5 {[%clk 0:19:08]} 1-0

[Event "Superfinal (women)"]
[Site "Moscow"]
[Date "2020.12.10"]
[Round "6.3"]
[White "Guseva, Marina"]
[Black "Galliamova, Alisa"]
[Result "1-0"]
[BlackElo "2438"]
[WhiteElo "2359"]
[LiveChessVersion "1.4.8"]

1. d4 {[%clk 1:30:58]} d5 {[%clk 1:30:55]} 2. c4 {[%clk 1:31:24]} dxc4
{[%clk 1:31:20]} 3. e4 {[%clk 1:31:51]} Nc6 {[%clk 1:31:42]} 4. Nf3
{[%clk 1:32:04]} Bg4 {[%clk 1:32:01]} 5. d5 {[%clk 1:32:29]} Ne5 {[%clk 1:32:23]}
6. Bf4 {[%clk 1:32:54]} Ng6 {[%clk 1:32:40]} 7. Be3 {[%clk 1:33:03]} Nf6
{[%clk 1:32:50]} 8. Nc3 {[%clk 1:32:42]} e6 {[%clk 1:32:52]} 9. Qa4+
{[%clk 1:32:47]} Qd7 {[%clk 1:33:14]} 10. Qxd7+ {[%clk 1:32:49]} Kxd7
{[%clk 1:33:37]} 11. dxe6+ {[%clk 1:30:14]} Bxe6 {[%clk 1:33:00]} 12. Rd1+
{[%clk 1:28:10]} Ke8 {[%clk 1:29:42]} 13. Ng5 {[%clk 1:27:57]} Bb4
{[%clk 1:24:56]} 14. Nxe6 {[%clk 1:02:17]} fxe6 {[%clk 1:24:57]} 15. Bxc4
{[%clk 1:02:41]} Nxe4 {[%clk 1:23:47]} 16. O-O {[%clk 0:55:24]} Nxc3
{[%clk 1:12:15]} 17. bxc3 {[%clk 0:55:50]} Bxc3 {[%clk 1:12:29]} 18. Bxe6
{[%clk 0:56:08]} Ke7 {[%clk 0:53:34]} 19. Bh3 {[%clk 0:35:24]} Nf8
{[%clk 0:24:55]} 20. Bf4 {[%clk 0:24:12]} c6 {[%clk 0:14:43]} 21. Rb1
{[%clk 0:24:34]} b5 {[%clk 0:14:14]} 22. Rfd1 {[%clk 0:21:50]} h5
{[%clk 0:07:41]} 23. Rd6 {[%clk 0:14:04]} Rh6 {[%clk 0:07:58]} 24. Rd3
{[%clk 0:13:47]} Rf6 {[%clk 0:07:14]} 25. Bg5 {[%clk 0:14:14]} b4
{[%clk 0:07:11]} 26. Bxf6+ {[%clk 0:14:07]} gxf6 {[%clk 0:07:25]} 27. Rbd1
{[%clk 0:09:40]} a5 {[%clk 0:07:08]} 28. Bf5 {[%clk 0:04:15]} a4 {[%clk 0:04:58]}
29. Be4 {[%clk 0:02:33]} Rc8 {[%clk 0:04:38]} 30. Re3 {[%clk 0:02:26]} Kf7
{[%clk 0:02:26]} 31. Bc2 {[%clk 0:02:03]} a3 {[%clk 0:02:15]} 32. Bb3+
{[%clk 0:02:25]} Kg6 {[%clk 0:02:24]} 33. Rg3+ {[%clk 0:02:20]} Kh6
{[%clk 0:02:08]} 34. Rg8 {[%clk 0:02:11]} c5 {[%clk 0:02:10]} 35. Bc4
{[%clk 0:02:29]} Re8 {[%clk 0:01:46]} 36. g3 {[%clk 0:01:15]} Bd4
{[%clk 0:01:09]} 37. Kf1 {[%clk 0:01:21]} Rb8 {[%clk 0:01:03]} 38. Rd3
{[%clk 0:00:56]} Kh7 {[%clk 0:00:42]} 39. Rf3 {[%clk 0:00:48]} Nd7
{[%clk 0:00:43]} 40. Rxb8 {[%clk 0:31:13]} Nxb8 {[%clk 0:31:10]} 41. Bb5
{[%clk 0:30:43]} c4 {[%clk 0:20:41]} 42. Bxc4 {[%clk 0:31:05]} Nc6
{[%clk 0:20:28]} 43. Rd3 {[%clk 0:17:08]} Bc3 {[%clk 0:16:51]} 44. Rd7+
{[%clk 0:17:30]} Kh8 {[%clk 0:15:19]} 45. Bd5 {[%clk 0:17:07]} Ne5
{[%clk 0:07:59]} 46. Rb7 {[%clk 0:16:53]} Nd3 {[%clk 0:06:49]} 47. Ke2
{[%clk 0:14:37]} Ne5 {[%clk 0:04:16]} 48. f4 {[%clk 0:14:40]} Ng6
{[%clk 0:03:45]} 49. Be4 {[%clk 0:14:35]} Nf8 {[%clk 0:02:15]} 50. Bf5
{[%clk 0:15:01]} 1-0

[Event "Superfinal (women)"]
[Site "Moscow"]
[Date "2020.12.10"]
[Round "6.4"]
[White "Kashlinskaya, Alina"]
[Black "Garifullina, Leya"]
[Result "1/2-1/2"]
[BlackElo "2348"]
[WhiteElo "2494"]
[LiveChessVersion "1.4.8"]

1. d4 {[%clk 1:30:57]} Nf6 {[%clk 1:30:52]} 2. c4 {[%clk 1:31:19]} e6
{[%clk 1:31:16]} 3. Nf3 {[%clk 1:31:45]} b6 {[%clk 1:31:39]} 4. a3
{[%clk 1:32:10]} Bb7 {[%clk 1:32:01]} 5. Nc3 {[%clk 1:32:29]} d5 {[%clk 1:32:24]}
6. Bf4 {[%clk 1:32:54]} Bd6 {[%clk 1:28:40]} 7. Bg3 {[%clk 1:32:42]} O-O
{[%clk 1:28:24]} 8. e3 {[%clk 1:33:05]} c5 {[%clk 1:25:44]} 9. dxc5
{[%clk 1:32:36]} Bxc5 {[%clk 1:25:38]} 10. Qc2 {[%clk 1:24:25]} Nbd7
{[%clk 1:16:48]} 11. cxd5 {[%clk 1:10:32]} Nxd5 {[%clk 1:14:33]} 12. Nxd5
{[%clk 1:07:13]} Bxd5 {[%clk 1:14:34]} 13. b4 {[%clk 0:56:18]} Be7
{[%clk 1:14:39]} 14. Rd1 {[%clk 0:55:00]} Nf6 {[%clk 1:07:20]} 15. Ba6
{[%clk 0:53:08]} Qe8 {[%clk 1:04:03]} 16. O-O {[%clk 0:50:17]} Be4
{[%clk 1:03:09]} 17. Qe2 {[%clk 0:46:13]} Qa4 {[%clk 1:02:25]} 18. Nd4
{[%clk 0:46:00]} Nd5 {[%clk 1:00:08]} 19. Rc1 {[%clk 0:37:18]} Qxa3
{[%clk 0:47:09]} 20. Ra1 {[%clk 0:32:18]} Qxb4 {[%clk 0:47:23]} 21. Nc6
{[%clk 0:31:31]} Nc3 {[%clk 0:43:15]} 22. Nxe7+ {[%clk 0:31:38]} Qxe7
{[%clk 0:43:41]} 23. Qc4 {[%clk 0:31:55]} Qc5 {[%clk 0:43:23]} 24. Qxc5
{[%clk 0:32:16]} bxc5 {[%clk 0:43:50]} 25. Rfc1 {[%clk 0:28:56]} Nd5
{[%clk 0:44:05]} 26. f3 {[%clk 0:19:55]} Bg6 {[%clk 0:44:16]} 27. Bd6
{[%clk 0:19:56]} Rfd8 {[%clk 0:43:57]} 28. Bb7 {[%clk 0:17:19]} Rxd6
{[%clk 0:43:04]} 29. Bxa8 {[%clk 0:17:42]} Nxe3 {[%clk 0:43:25]} 30. Rxc5
{[%clk 0:16:32]} h5 {[%clk 0:42:09]} 31. Rxa7 {[%clk 0:12:04]} Rd2
{[%clk 0:41:21]} 32. f4 {[%clk 0:11:55]} Rd1+ {[%clk 0:40:30]} 33. Kf2
{[%clk 0:12:22]} Ng4+ {[%clk 0:40:50]} 34. Ke2 {[%clk 0:12:27]} Rb1
{[%clk 0:40:14]} 35. Bf3 {[%clk 0:08:32]} Rb2+ {[%clk 0:40:19]} 36. Ke1
{[%clk 0:08:24]} Nf6 {[%clk 0:34:17]} 37. Rc8+ {[%clk 0:06:44]} Kh7
{[%clk 0:34:40]} 38. Rd8 {[%clk 0:07:02]} Rb4 {[%clk 0:32:39]} 39. g3
{[%clk 0:07:07]} Rb1+ {[%clk 0:28:34]} 40. Ke2 {[%clk 0:35:46]} Rb5
{[%clk 0:55:31]} 41. Rd2 {[%clk 0:33:05]} e5 {[%clk 0:51:14]} 42. fxe5
{[%clk 0:22:53]} Rxe5+ {[%clk 0:51:31]} 43. Kf2 {[%clk 0:23:03]} Ne4+
{[%clk 0:49:06]} 44. Bxe4 {[%clk 0:23:17]} Rxe4 {[%clk 0:49:33]} 45. Rad7
{[%clk 0:22:55]} Kh6 {[%clk 0:48:05]} 46. R2d6 {[%clk 0:22:30]} Kh7
{[%clk 0:48:09]} 47. Rb6 {[%clk 0:20:37]} Rc4 {[%clk 0:48:19]} 48. Rb2
{[%clk 0:20:44]} Ra4 {[%clk 0:47:27]} 49. Rc7 {[%clk 0:20:38]} Rd4
{[%clk 0:47:45]} 50. h4 {[%clk 0:18:56]} Ra4 {[%clk 0:47:45]} 51. Rc5
{[%clk 0:18:53]} Rd4 {[%clk 0:47:32]} 52. Rg5 {[%clk 0:18:52]} Rc4
{[%clk 0:47:39]} 53. Rd5 {[%clk 0:17:59]} 1/2-1/2

[Event "Superfinal (women)"]
[Site "Moscow"]
[Date "2020.12.10"]
[Round "6.5"]
[White "Shuvalova, Polina"]
[Black "Pogonina, Natalija"]
[Result "1-0"]
[BlackElo "2474"]
[WhiteElo "2456"]
[LiveChessVersion "1.4.8"]

1. d4 {[%clk 1:30:57]} Nf6 {[%clk 1:30:51]} 2. c4 {[%clk 1:31:23]} e6
{[%clk 1:31:16]} 3. g3 {[%clk 1:31:48]} d5 {[%clk 1:31:33]} 4. Bg2
{[%clk 1:32:13]} Bb4+ {[%clk 1:31:55]} 5. Nc3 {[%clk 1:32:35]} O-O
{[%clk 1:29:56]} 6. Nf3 {[%clk 1:33:02]} dxc4 {[%clk 1:30:06]} 7. O-O
{[%clk 1:33:26]} Nc6 {[%clk 1:29:14]} 8. Qa4 {[%clk 1:33:50]} Bd6
{[%clk 0:56:51]} 9. Qxc4 {[%clk 1:28:08]} a6 {[%clk 0:56:35]} 10. Rd1
{[%clk 1:20:50]} Qe8 {[%clk 0:47:30]} 11. Bg5 {[%clk 1:16:47]} Nd5
{[%clk 0:41:49]} 12. Ne4 {[%clk 1:15:09]} Be7 {[%clk 0:32:16]} 13. Bxe7
{[%clk 1:09:56]} Qxe7 {[%clk 0:20:41]} 14. Rac1 {[%clk 1:06:32]} Rd8
{[%clk 0:20:35]} 15. a3 {[%clk 1:04:30]} Bd7 {[%clk 0:19:59]} 16. Nc5
{[%clk 1:02:35]} Rab8 {[%clk 0:19:12]} 17. b4 {[%clk 1:00:21]} h6
{[%clk 0:18:07]} 18. h4 {[%clk 0:59:21]} Be8 {[%clk 0:16:52]} 19. e3
{[%clk 0:57:45]} Na7 {[%clk 0:16:03]} 20. Ne5 {[%clk 0:55:09]} Nb5
{[%clk 0:15:19]} 21. Qb3 {[%clk 0:53:07]} c6 {[%clk 0:10:55]} 22. Be4
{[%clk 0:49:27]} Nbc7 {[%clk 0:10:42]} 23. Bb1 {[%clk 0:48:52]} f6
{[%clk 0:07:44]} 24. Nc4 {[%clk 0:38:07]} b6 {[%clk 0:05:51]} 25. Nd3
{[%clk 0:33:56]} Bh5 {[%clk 0:05:40]} 26. Re1 {[%clk 0:30:16]} Nb5
{[%clk 0:05:58]} 27. Nd2 {[%clk 0:28:25]} Be8 {[%clk 0:05:06]} 28. a4
{[%clk 0:25:54]} Na7 {[%clk 0:05:31]} 29. e4 {[%clk 0:22:53]} Nc7
{[%clk 0:05:57]} 30. Qc3 {[%clk 0:22:33]} a5 {[%clk 0:04:59]} 31. bxa5
{[%clk 0:14:25]} b5 {[%clk 0:05:25]} 32. e5 {[%clk 0:13:46]} f5 {[%clk 0:05:24]}
33. axb5 {[%clk 0:12:20]} Naxb5 {[%clk 0:05:31]} 34. Qc5 {[%clk 0:12:16]} Qxc5
{[%clk 0:04:28]} 35. Nxc5 {[%clk 0:10:08]} Nxd4 {[%clk 0:04:30]} 36. Bd3
{[%clk 0:09:30]} Rd5 {[%clk 0:02:07]} 37. Kg2 {[%clk 0:08:49]} Ra8
{[%clk 0:01:14]} 38. a6 {[%clk 0:08:15]} Ndb5 {[%clk 0:01:20]} 39. Ndb3
{[%clk 0:07:18]} Nxa6 {[%clk 0:01:09]} 40. Bc4 {[%clk 0:36:24]} Nxc5
{[%clk 0:30:49]} 41. Nxc5 {[%clk 0:28:28]} Rd2 {[%clk 0:23:57]} 42. Bxe6+
{[%clk 0:24:32]} Bf7 {[%clk 0:23:56]} 43. Bxf5 {[%clk 0:24:47]} Raa2
{[%clk 0:07:36]} 44. Rf1 {[%clk 0:24:57]} Bd5+ {[%clk 0:07:59]} 45. Be4
{[%clk 0:25:19]} Nc7 {[%clk 0:07:27]} 46. Rc3 {[%clk 0:21:52]} Re2
{[%clk 0:05:08]} 47. Kf3 {[%clk 0:14:47]} Bxe4+ {[%clk 0:04:08]} 48. Nxe4
{[%clk 0:15:14]} Ne6 {[%clk 0:01:01]} 49. Rd1 {[%clk 0:10:18]} c5
{[%clk 0:01:25]} 50. Re3 {[%clk 0:08:47]} Nd4+ {[%clk 0:00:49]} 51. Kg4
{[%clk 0:09:01]} Rec2 {[%clk 0:00:38]} 52. h5 {[%clk 0:07:37]} Ra4
{[%clk 0:00:40]} 53. f4 {[%clk 0:07:53]} Kf7 {[%clk 0:00:44]} 54. Rb1
{[%clk 0:07:46]} Rb4 {[%clk 0:00:56]} 55. Ra1 {[%clk 0:08:10]} Nb5
{[%clk 0:00:41]} 56. Ra6 {[%clk 0:07:12]} Ke7 {[%clk 0:00:56]} 57. Rg6
{[%clk 0:07:08]} Kf8 {[%clk 0:01:22]} 58. Rb6 {[%clk 0:07:19]} Nd4
{[%clk 0:00:39]} 59. Nxc5 {[%clk 0:06:10]} Rxb6 {[%clk 0:00:43]} 60. Nd7+
{[%clk 0:06:38]} Ke7 {[%clk 0:01:09]} 61. Nxb6 {[%clk 0:07:05]} Rc5
{[%clk 0:01:07]} 62. Rd3 {[%clk 0:07:11]} Ne6 {[%clk 0:01:05]} 63. Rd7+
{[%clk 0:07:33]} Kf8 {[%clk 0:01:09]} 64. Rd6 {[%clk 0:07:57]} Kf7
{[%clk 0:01:02]} 65. Nd5 {[%clk 0:08:21]} Ra5 {[%clk 0:01:03]} 66. Rd7+
{[%clk 0:07:09]} Kf8 {[%clk 0:01:25]} 67. Nc7 {[%clk 0:07:01]} Nc5
{[%clk 0:01:39]} 68. Rd5 {[%clk 0:07:18]} Ke7 {[%clk 0:02:00]} 69. Kf5
{[%clk 0:07:40]} 1-0

[Event "Superfinal (women)"]
[Site "Moscow"]
[Date "2020.12.10"]
[Round "6.6"]
[White "Getman, Tatyana"]
[Black "Gunina, Valentina"]
[Result "1-0"]
[BlackElo "2451"]
[WhiteElo "2302"]
[LiveChessVersion "1.4.8"]

1. d4 {[%clk 1:30:58]} d5 {[%clk 1:30:54]} 2. c4 {[%clk 1:31:21]} c6
{[%clk 1:31:21]} 3. cxd5 {[%clk 1:31:44]} cxd5 {[%clk 1:31:46]} 4. Nc3
{[%clk 1:32:03]} Nf6 {[%clk 1:32:08]} 5. Bf4 {[%clk 1:32:23]} Nc6
{[%clk 1:32:35]} 6. e3 {[%clk 1:32:41]} a6 {[%clk 1:32:58]} 7. Bd3
{[%clk 1:30:14]} Bg4 {[%clk 1:33:21]} 8. Nf3 {[%clk 1:22:58]} e6 {[%clk 1:33:25]}
9. h3 {[%clk 1:23:01]} Bh5 {[%clk 1:33:30]} 10. Qb3 {[%clk 1:17:33]} Bxf3
{[%clk 1:33:43]} 11. gxf3 {[%clk 1:17:58]} Bd6 {[%clk 1:31:11]} 12. Bxd6
{[%clk 1:10:28]} Qxd6 {[%clk 1:31:21]} 13. Qxb7 {[%clk 1:05:58]} O-O
{[%clk 1:31:44]} 14. Qb3 {[%clk 1:06:19]} e5 {[%clk 1:31:40]} 15. dxe5
{[%clk 1:01:16]} Nxe5 {[%clk 1:32:04]} 16. Be2 {[%clk 0:56:12]} d4
{[%clk 1:31:24]} 17. O-O-O {[%clk 0:54:54]} d3 {[%clk 1:25:41]} 18. f4
{[%clk 0:45:57]} Qc6 {[%clk 1:24:55]} 19. fxe5 {[%clk 0:40:56]} dxe2
{[%clk 1:25:15]} 20. Rde1 {[%clk 0:40:14]} Ne4 {[%clk 1:24:37]} 21. Rhg1
{[%clk 0:30:06]} Rab8 {[%clk 1:17:31]} 22. Qc2 {[%clk 0:26:05]} Nxc3
{[%clk 1:17:04]} 23. Qxc3 {[%clk 0:22:52]} Qe4 {[%clk 1:13:07]} 24. Rg4
{[%clk 0:19:09]} Qf5 {[%clk 1:08:58]} 25. Rf4 {[%clk 0:19:03]} Qxh3
{[%clk 1:05:45]} 26. Kb1 {[%clk 0:19:04]} Qh5 {[%clk 0:58:40]} 27. Qd2
{[%clk 0:15:39]} Rfd8 {[%clk 0:52:43]} 28. Rd4 {[%clk 0:14:11]} Qf5+
{[%clk 0:51:06]} 29. Ka1 {[%clk 0:14:31]} Rdc8 {[%clk 0:46:10]} 30. f4
{[%clk 0:14:33]} h5 {[%clk 0:44:22]} 31. Rxe2 {[%clk 0:14:23]} h4
{[%clk 0:43:32]} 32. a3 {[%clk 0:13:15]} h3 {[%clk 0:43:50]} 33. e4
{[%clk 0:11:13]} Qg4 {[%clk 0:44:12]} 34. f5 {[%clk 0:10:20]} Rc5
{[%clk 0:39:00]} 35. Rd5 {[%clk 0:08:56]} Rc4 {[%clk 0:31:32]} 36. Qe3
{[%clk 0:07:11]} Rbc8 {[%clk 0:23:18]} 37. f6 {[%clk 0:03:24]} Rc1+
{[%clk 0:17:16]} 38. Ka2 {[%clk 0:03:52]} Rg1 {[%clk 0:17:40]} 39. fxg7
{[%clk 0:02:14]} Kxg7 {[%clk 0:09:23]} 40. Rd6 {[%clk 0:31:12]} Rg2
{[%clk 0:30:44]} 41. Qh6+ {[%clk 0:28:25]} Kg8 {[%clk 0:31:12]} 42. Red2
{[%clk 0:26:23]} Rf8 {[%clk 0:21:31]} 43. e6 {[%clk 0:21:26]} Rxd2
{[%clk 0:07:22]} 44. exf7+ {[%clk 0:20:52]} Rxf7 {[%clk 0:07:13]} 45. Rxd2
{[%clk 0:21:00]} Rd7 {[%clk 0:06:06]} 46. Rf2 {[%clk 0:16:37]} Rf7
{[%clk 0:05:31]} 47. Rd2 {[%clk 0:13:59]} Rd7 {[%clk 0:05:30]} 48. Rc2
{[%clk 0:13:17]} Rg7 {[%clk 0:05:18]} 49. Qxa6 {[%clk 0:12:03]} Kh7
{[%clk 0:05:30]} 50. Qb5 {[%clk 0:11:24]} Rf7 {[%clk 0:03:39]} 51. Qd5
{[%clk 0:10:32]} Kg7 {[%clk 0:01:12]} 52. Qe5+ {[%clk 0:10:35]} Kh7
{[%clk 0:01:01]} 53. Rc5 {[%clk 0:10:48]} Kg8 {[%clk 0:00:51]} 54. Rc3
{[%clk 0:09:25]} Rg7 {[%clk 0:00:40]} 55. Qd5+ {[%clk 0:08:37]} Kh8
{[%clk 0:00:36]} 56. Rc6 {[%clk 0:07:55]} Kh7 {[%clk 0:01:05]} 57. Rc2
{[%clk 0:07:21]} Kg6 {[%clk 0:00:37]} 58. Rc3 {[%clk 0:05:14]} Rf7
{[%clk 0:00:33]} 59. Qd6+ {[%clk 0:05:26]} Kh7 {[%clk 0:00:40]} 60. Qg3
{[%clk 0:04:59]} Qe6+ {[%clk 0:00:35]} 61. Rb3 {[%clk 0:05:13]} Qxe4
{[%clk 0:00:43]} 62. Qxh3+ {[%clk 0:05:36]} Kg7 {[%clk 0:00:32]} 63. Rg3+
{[%clk 0:05:52]} Kf6 {[%clk 0:00:33]} 64. Qh6+ {[%clk 0:06:19]} 1-0

[Event "Superfinal (women)"]
[Site "Moscow"]
[Date "2020.12.12"]
[Round "7.1"]
[White "Gunina, Valentina"]
[Black "Kosteniuk, Alexandra"]
[Result "0-1"]
[BlackElo "2471"]
[WhiteElo "2451"]
[LiveChessVersion "1.4.8"]

1. d4 {[%clk 1:30:57]} Nf6 {[%clk 1:30:54]} 2. c4 {[%clk 1:31:22]} e6
{[%clk 1:31:13]} 3. Nf3 {[%clk 1:31:47]} d5 {[%clk 1:31:35]} 4. g3
{[%clk 1:31:53]} dxc4 {[%clk 1:31:55]} 5. Bg2 a6 {[%clk 1:32:18]} 6. O-O
{[%clk 1:32:18]} Nc6 {[%clk 1:32:38]} 7. Qc2 {[%clk 1:32:41]} b5 {[%clk 1:25:33]}
8. Ne5 {[%clk 1:32:34]} Nb4 {[%clk 1:21:23]} 9. Qd2 {[%clk 1:32:23]} Nfd5
{[%clk 1:09:14]} 10. a3 {[%clk 1:29:49]} f6 {[%clk 1:09:12]} 11. Ng4
{[%clk 1:22:26]} Nc6 {[%clk 1:03:35]} 12. e4 {[%clk 1:22:23]} Nde7
{[%clk 0:59:39]} 13. e5 {[%clk 1:00:57]} f5 {[%clk 0:59:43]} 14. Nf6+
{[%clk 1:00:21]} gxf6 {[%clk 0:56:52]} 15. exf6 {[%clk 1:00:41]} Nd5
{[%clk 0:50:11]} 16. Qg5 {[%clk 0:58:56]} Qd7 {[%clk 0:41:18]} 17. Bxd5
{[%clk 0:45:07]} Bb7 {[%clk 0:29:42]} 18. Qh5+ {[%clk 0:42:28]} Qf7
{[%clk 0:27:51]} 19. Bf3 {[%clk 0:42:56]} Qxh5 {[%clk 0:12:35]} 20. Bxh5+
{[%clk 0:43:07]} Kd7 {[%clk 0:13:02]} 21. Be3 {[%clk 0:43:18]} Bd6
{[%clk 0:13:11]} 22. Rd1 {[%clk 0:41:36]} f4 {[%clk 0:12:19]} 23. Bxf4
{[%clk 0:37:25]} Bxf4 {[%clk 0:12:44]} 24. gxf4 {[%clk 0:37:52]} Raf8
{[%clk 0:10:50]} 25. Nc3 {[%clk 0:37:30]} Rxf6 {[%clk 0:08:09]} 26. d5
{[%clk 0:37:49]} Rg8+ {[%clk 0:07:32]} 27. Kf1 {[%clk 0:38:02]} Na5
{[%clk 0:07:50]} 28. Ne4 {[%clk 0:26:53]} Rxf4 {[%clk 0:08:13]} 29. dxe6+
{[%clk 0:27:20]} Kxe6 {[%clk 0:08:07]} 30. Nc5+ {[%clk 0:27:46]} Kf6
{[%clk 0:07:56]} 31. Rd7 {[%clk 0:27:50]} Bg2+ {[%clk 0:06:58]} 32. Ke2
{[%clk 0:27:45]} Rh4 {[%clk 0:06:06]} 33. Rxh7 {[%clk 0:23:36]} Nb3
{[%clk 0:03:14]} 34. Rf7+ {[%clk 0:17:58]} Ke5 {[%clk 0:03:41]} 35. f4+
{[%clk 0:15:14]} Rxf4 {[%clk 0:03:54]} 36. Nd7+ {[%clk 0:15:04]} Ke4
{[%clk 0:02:04]} 37. Re7+ {[%clk 0:08:04]} Kd5 {[%clk 0:02:31]} 38. Rd1+
{[%clk 0:08:24]} Kc6 {[%clk 0:02:49]} 39. Ke3 {[%clk 0:02:29]} Rf5
{[%clk 0:01:48]} 40. Ne5+ {[%clk 0:30:36]} Kb6 {[%clk 0:31:37]} 41. Bf7
{[%clk 0:21:42]} Rh8 {[%clk 0:29:00]} 42. Nd7+ {[%clk 0:06:23]} Ka5
{[%clk 0:28:45]} 43. Bg6 {[%clk 0:01:44]} Rh3+ {[%clk 0:27:13]} 44. Ke2
{[%clk 0:02:08]} Bf3+ {[%clk 0:27:30]} 45. Kf2 {[%clk 0:00:40]} Rxh2+
{[%clk 0:27:46]} 46. Kf1 {[%clk 0:00:38]} Rg5 {[%clk 0:27:50]} 47. Be4
{[%clk 0:00:32]} Be2+ {[%clk 0:28:13]} 0-1